LDR 00914naa#a2200193#i#450# 001 RU\\bibl\120280 005 20260416204235.4 011 ## _a1819-4036 100 ## _a20210331b2021####ek#y0rusy0150####ca 102 ## _aRU 200 1# _aМЕЖВИДОВАЯ МИГРАЦИЯ ВОЗБУДИТЕЛЯ БРУЦЕЛЛЕЗА СРЕДИ ЯКОВ _eЖурнальная статья 210 1# _aКрасноярск _cКрасноярский государственный аграрный университет _d2021 215 ## _a5 с. 608 ## _aЖурнальная статья _2local 675 ## _aСравнительная патология. Ветеринария. 619 _z 700 #1 _aТурсумбетов _gМамбеталы Садывалыевич 700 #1 _aЧегиров _gСаламат Биримкулович 700 #1 _aКельдибекова _gЗамира Садыбакасовна 856 4# _avestnik.kgau.ru _u